| 000 | 00699nam a2200229Ia 4500 | ||
|---|---|---|---|
| 003 | OSt | ||
| 005 | 20250305141425.0 | ||
| 008 | 210210b2017 xxu||||| |||| 00| 0 eng d | ||
| 040 | _cAL | ||
| 041 | _aKannada | ||
| 082 | _aK894.3 VIVE | ||
| 100 |
_aVIVEKA RAI (B A) _9142730 _d ವಿವೇಕ ರೈ (ಬಿಎ) |
||
| 245 |
_aEmbattu dinagalalli vishvaparyatana _b80 ದಿನಗಳಲ್ಲಿ ವಿಶ್ವ ಪರ್ಯಟನ |
||
| 260 |
_aMangaluru _bAkrati Ashaya Pablications _c2017 |
||
| 300 | _avi,64 | ||
| 650 |
_avishvaparyatana _9142731 |
||
| 650 |
_aEmbattu _9142732 |
||
| 650 |
_adinagalalli _9142733 |
||
| 690 |
_aKannada Fiction _9142734 |
||
| 906 | _a071903 | ||
| 942 |
_2ddc _cBK |
||
| 999 |
_c121611 _d121611 |
||